World Geography by letter F - Statistics

General Stats
  • This quiz has been taken 72 times
    42 since last reset
  • The average score is 12 of 15
Answer Stats
Hint Answer % Correct
One of the Nordic Countries Finland
100%
Third most populated U.S. State, and has disney world Florida
100%
Currency of Switzerland Swiss Franc
100%
Tallest mountain in Japan Mt. Fuji
98%
Pacific island nation Fiji
95%
Country that has fought the most wars in history France
90%
One of the most spoken languages, especially in Africa French
90%
A British territory in South America, which is made up of islands Falkland islands
80%
A French territory in South America French Guiana
80%
One of the largest Cities in Morocco Fez
78%
Danish island chain, North of Scotland Faroe islands
70%
City in Northeastern Texas Fort Worth
48%
A French territory in the Pacific Ocean, it's capital being Papeete French Polynesia
45%
Capital of Tuvalu Funafuti
43%
One of the largest Cities in Japan Fukuoka
38%
No matching quizzes found
Score Distribution
Percent of People with Each Score
Percentile by Number Answered
Your Score History
You have not taken this quiz since the last reset